Elektrická časť vodnej elektrárne

Saved in:
Bibliographic Details
Main Author: Lazorik, Peter (Author)
Other Authors: Horník, Vladimír, 1944- (Thesis advisor)
Format: Manuscript Book
Language:Slovak
Published: Bratislava : STU v Bratislave FEI, 2001
Subjects:
Tags: Add Tag
No Tags, Be the first to tag this record!

MARC

LEADER 00000ntm a22000003a 4500
001 stu73425
005 20160719164809.9
008 020129s2001------------------------slo-d
040 |a STU  |b slo 
041 0 |a slo 
100 1 |a Lazorik, Peter  |4 aut 
245 1 |a Elektrická časť vodnej elektrárne 
260 |a Bratislava :  |b STU v Bratislave FEI,  |c 2001 
300 |a 57 s  |c príl. 
650 7 |a Elektroenergetické a silnoprúdové inžinierstvo  |2 stusub 
700 1 |a Horník, Vladimír,  |d 1944-  |4 ths  |u E130  |U FEI Fakulta elektrotechniky a informatiky  |T FEI Katedra elektroenergetiky  |X 37972  |U E130  |Y 59  |7 A000037972